000 00940nam a22002297a 4500
999 _c20939
_d20939
003 AR-CdUCM
008 190408b ||||| |||| 00| 0 spa d
040 _aMUNICIPALIDAD PROVINCIAL DEL CUSCO
_cBIBLIOTECA MUNICIPAL DEL CUSCO
082 _aEP / 370.155 /
_bQ73
100 _aQuiroz, Nidya
_943684
245 _aLa recuperación psicoafectiva de niños :
_bAfectados por desastres y conflicto armado /
260 _aColombia :
_bGente nueva,
_c1999.
300 _bIlustraciones,
_c25 cm.
_a30 páginas ;
440 _aFondo de las naciones unidas para la infancia UNICEF
_943685
505 _aContenido : Vulnerabilidad del niño y la niña Colombianos -- Situación de la atención a la recuperación psicosocial de la infancia en Colombia...
650 _aConflictos armados
_943686
650 _aVulnerabilidad infantil
_943687
650 _aAuto ayuda
_98344
650 _aMetodologia
_92264
942 _2ddc
_cLIBROS
945 _arcc